00605 2200193 4500001002100000005001500021035002000036007000300056008003900059082000700098084001300105100001200118245017400130250001000304260004600314300002700360600001000387990001400397INLIS00000000000988320260414110201 a0010-0426000228ta260414 | | |  a81 a81 MAN e0 aMANSYUR1 aEFEKTIVITAS PENGENDALIAN INTERNAL TERHADAP PENETAPAN STANDAR SATUAN HARGA (SSH) DALAM MENINGKATKAN EFISIENSI FISKAL DAERAH STUDI KABUPATEN KOTAWARINGIN BARAT /cMANSYUR aCet 1 aPalangka Raya :bPerpustakaan UMPR,c2026 axxii, 102 hlm :bilus. 4aTESIS a238122019